|
|
|
|
| LEADER |
01707nam a2200313 a 4500 |
| 001 |
00022310 |
| 008 |
100927s1973 bg w 000 0 eng d |
| 999 |
|
|
|c 10675
|d 10675
|
| 040 |
|
|
|a BD-DhAAL
|c BD-DhAAL
|
| 082 |
0 |
0 |
|a 348.5492046
|
| 130 |
0 |
|
|a DLR
|9 31692
|
| 245 |
0 |
4 |
|a The Dacca Law Reports :
|b table of Cases of the Appellate Division of Supreme Court of Pakistan and Bangladesh .
|n volume no. 25 /
|c founder editor : Obaidul Huq Chowdhury
|
| 246 |
1 |
7 |
|a The Dhaka Law Reports.
|
| 260 |
|
|
|a Dacca [Bangladesh] :
|b Dhaka Law Reports,
|c 1973
|
| 300 |
|
|
|a 490, 243 p. ;
|c 25 cm.
|
| 362 |
0 |
|
|a Vol. 25
|
| 500 |
|
|
|a Table of Cases of the Appellate Division of Supreme Court of Pakistan and Bangladesh.
|
| 500 |
|
|
|a "A journal of law reports."
|
| 500 |
|
|
|a Latest issue consulted: Vol. XXV, January to December,1973
|
| 541 |
|
|
|e 00022310
|
| 590 |
|
|
|a Published yearly.
|
| 650 |
|
0 |
|a Law reports, digests, etc.
|z Bangladesh.
|9 31693
|
| 650 |
|
0 |
|a Law reports, digests, etc.
|z India
|z Bengal.
|9 31694
|
| 700 |
|
|
|a Chowdhury, Obaidul Huq
|9 31695
|
| 852 |
1 |
|
|a Ayesha Abed Library
|c Reference shelf
|
| 942 |
|
|
|2 ddc
|c 1HOUR
|
| 952 |
|
|
|0 0
|1 0
|2 ddc
|4 0
|6 348_549204600000000_DAC
|7 0
|8 REF
|9 16041
|a BRACUL
|b BRACUL
|c CIR
|d 2011-04-10
|l 5
|o 348.5492046 DAC
|p 3010022310
|r 2013-12-14
|s 2013-12-14
|t 1
|w 2011-04-10
|y 1HOUR
|
| 952 |
|
|
|0 0
|1 0
|2 ddc
|4 0
|6 348_549204600000000_DAC
|7 0
|8 REF
|9 65469
|a BRACUL
|b BRACUL
|c REF
|d 2019-05-09
|e Hye Trade International
|g 1148.00
|l 0
|o 348.5492046 DAC
|p 3010034702
|r 2019-05-09
|t 3
|v 1148.00
|w 2019-05-09
|y 1HOUR
|
| 952 |
|
|
|0 0
|1 0
|2 ddc
|4 0
|6 348_549204600000000_DAC
|7 0
|8 REF
|9 65470
|a BRACUL
|b BRACUL
|c REF
|d 2019-05-09
|e Hye Trade International
|g 1148.00
|l 0
|o 348.5492046 DAC
|p 3010034701
|r 2019-05-09
|t 2
|v 1148.00
|w 2019-05-09
|y 1HOUR
|